| 000 | 00575nam a22001697a 4500 | ||
|---|---|---|---|
| 005 | 20251108164313.0 | ||
| 008 | 250721s1992 xx 000 0 ara d | ||
| 082 | 1 | 4 | _a355.3432/سعي |
| 100 | 1 | _aالجزائري، سعيد | |
| 245 | 1 | 0 |
_aرجال المخابرات الأمريكية : _bعملاء ال CIA / |
| 264 | 1 |
_aبيروت : _bدار الجيل، _c1992. |
|
| 300 | _a256ص | ||
| 490 | 0 | _aالكتب عن أعمال الجاسوسية العالمية | |
| 650 | 1 | 7 | _aوكالة الإستخبارات المركزية |
| 942 |
_2ddc _cBK |
||
| 999 |
_c8822 _d8822 |
||